| 000 | 00598nam a22001817a 4500 | ||
|---|---|---|---|
| 005 | 20210430124504.0 | ||
| 008 | 210430b py ||||| |||| 00| 0 spa d | ||
| 020 | _a9789995356033 | ||
| 050 | 0 | 4 |
_aKHP3015 _bC66 2008 |
| 245 | 0 | 3 |
_aLa conquista de lo público _c/ |
| 250 | _a1a ed. | ||
| 260 |
_aParaguay : _bInstituto de Derecho y Economía Ambiental, _c2008 |
||
| 300 |
_a120 p. : _bil. ; _c20 cm. |
||
| 650 | 7 |
_2lemb _aLibertad de información _zParaguay |
|
| 650 | 7 |
_2lemb _aLibertad de información _xLegislación _zParaguay |
|
| 650 | 4 | _aRecursos de información de gobierno | |
| 942 |
_2lcc _cLIB |
||
| 999 |
_c155663 _d155661 |
||